Sport stamps (Record no. 2339)
[ view plain ]
| 000 -LEADER | |
|---|---|
| fixed length control field | 00288nam a22000977a 4500 |
| 008 - FIXED-LENGTH DATA ELEMENTS--GENERAL INFORMATION | |
| fixed length control field | 170408b xxu||||| |||| 00| 0 eng d |
| 100 ## - MAIN ENTRY--AUTHOR'S NAME | |
| Author's Name | Enhagen, Carl-Olof |
| 245 ## - TITLE STATEMENT | |
| Title | Sport stamps |
| 260 ## - PUBLICATION, DISTRIBUTION, ETC. (IMPRINT) | |
| Place of publication, distribution, etc. | New York |
| Name of publisher, distributor, etc. | Arco Publishing Co., Inc., |
| Date of publication, distribution, etc. | 1961 |
| 650 ## - TOPICAL TERM (Tag) | |
| Topical term or geographic name | Topical Collecting | Sports and Recreation |
No items available.